000 02156cam a22004934i 4500
003 PE-LiUPU
005 20250731173345.0
008 150706s2003 enka rb 000 0 eng d
020 _a1904594050
035 _a(Sirsi) i9781904594055
040 _aPE-LiUPU
_bspa
_cPE-LiUPU
_erda
049 _aPRUA
082 0 4 _a220.9
_bR75
_221
100 1 _aRogerson, John,
_eautor.
245 1 0 _aChronicles of the Bible lands /
_cJohn Rogerson.
264 1 _aLondon :
_bAngus Books,
_c2003.
300 _a237 páginas :
_bilustraciones ;
_c34 centímetros
336 _atext
_2rdacontent
337 _aunmediated
_2rdamedia
338 _avolume
_2rdacarrier
504 _aIncluye bibliografía.
505 0 _aThe Bible and its literature -- The composition and transmission of the Bible -- The Bible and history -- An outline of biblical history -- The Bible in art -- The Bible and Geography -- The Geography of ancient Israel -- The coastal plain North of mount Carmel -- The coastal plain south of mount Carmel -- The Shephelah -- The hill country of Judea -- The Judean desert -- The Negev and Sinai -- Galilee -- Bethel, Samaria, Carmel and Jezreel -- The Jerusalem Hills -- The Jordan valley and the Dead Sea -- Transjordan -- The empires Surrounding Israel.
526 _aSEG42
526 _aSEG41
526 _aSEG40
526 _aSEG39
526 _aP94
526 _aP87
526 _aP86
526 _aP85
526 _aP77
526 _aP76
526 _aP35
541 _g48101-1479;
630 _aBiblia
_vIlustraciones.
630 _aBiblia
_xGeografía
_vMapas.
630 _aBiblia
_xHistoria de eventos bíblicos.
910 _agl
_bjv
_clch
_d20091119
942 _2ddc
_cBOOK
949 _a220.9 R75
_wDEWEY
_c1
_i60648
_lCCODEBUL1
_mBUL
_p27.00
_r0
_sY
_tBOOK
_u2015-7-6
_xTEOLOGIA
_zUNKNOWN
_0COMPRA
_o.STAFF. Colección Teología
994 _aC0
_bPEPRU
596 _a1
999 _a220.9 R75
_wDEWEY
_c50064
_i60648
_d50064
_f2021-11-9
_g5
_lCCODEBUL1
_mBUL
_p27.00
_q7
_r0
_sY
_tBOOK
_u2015-7-6
_xTEOLOGIA
_PP35
_0COMPRA
_o.STAFF. Colección Teología
980 _81
_gALBERTO SANCHEZ Responsable de Automatización